000 00316nam a2200133Ia 4500
100 _aNatioanal Semi conductor
942 _cBK
654 _afunctions
245 _aSpecial functions databook
260 _bNational semiconductor corpn.
_aCalifornia
082 _a621.38173
_bNAT
546 _aENGLISH
999 _c20936
_d20936